00608nam a22001697a 4500008004100000040001800041041000800059100002200067245009600089260004900185300001800234500005800252650002300310650005200333650003200385650002100417130821s1865 fr gr fre  aCo-BoUCMbspa00afre aLittre, M. E.eTr00aHistorie naturelle de PlinecM. E. Littre ' avec la traduction en Francais par M. E. Littre aParís (Francia)bFirmin Didot Freresc1865 a2 volúmenes aIncluye índice general al final del segundo volumen04aAnimales y plantas04aAnimales y plantasxDistribución geográfica04aDistribución geográfica04aHistoria natural